000 nam a22 7a 4500
999 _c15379
_d15379
008 161031b xxu||||| |||| 00| 0 eng d
020 _a0878466975
020 _a9780878466979
050 _aN 7410 .G43 2006
100 _aedited by Geary, Christraud M.
245 _aFrom the South Seas:
_boceanic art in the teel collection/
_cChristraud M. Geary, Michael Gunn, William E. Teel, Stephanie Xatart and Museum of Fine Arts,Boston
250 _a1st ed.
260 _aBoston:
_bMFA Publications,
_c2006
300 _a159 p. :
_bill. ;
_c29cm
500 _aIncludes bibliography.
650 _aArt.
_xOcenia.
_yCatalogs.
650 _aTeel, Williams.
_xArt collections.
_yCatalogs.
650 _aTeel, Bertha.
_xArt collections.
_yCatalogs.
700 _aGunn, Michal
700 _aTeel, Williams
700 _aXatart, Stephanie
700 _aMuseum of Fine Arts, Boston
942 _2lcc
_cBOOKS
_hN 7410 .G43 2006